Statistiken für Anschlussstellen der BAB 5

Klicken Sie hier um das Quiz zu spielen!

Allgemein

  • Dieses Quiz wurde 66 mal gespielt
  • Das Durchschnittsergebnis liegt bei 39 aus 71

Antwortstatistiken

BundeslandAS-Nr.Anschlussstelle% Korrekt
Hessen27Darmstadt-Eberstadt
92%
Hessen26Darmstädter Kreuz
92%
Hessen26Darmstädter Nordkreuz
92%
Hessen22Frankfurter Kreuz
92%
Hessen22Frankfurt-Flughafen-Nord
92%
Hessen21Frankfurt-Niederrad
92%
HessenFrankfurt-Rebstock
92%
Hessen20Frankfurt-Westhafen
92%
Hessen18Nordwestkreuz Frankfurt
92%
Hessen19Westkreuz Frankfurt
92%
Baden-Württemberg46AD Karlsruhe
85%
Baden-Württemberg44Karlsruhe-Durlach
85%
Baden-Württemberg45Karlsruhe-Mitte
85%
Baden-Württemberg43Karlsruhe-Nord
85%
Baden-Württemberg48Karlsruhe-Süd
85%
Baden-Württemberg62Freiburg-Mitte
82%
Baden-Württemberg61Freiburg-Nord
82%
Baden-Württemberg63Freiburg-Süd
82%
Baden-Württemberg37AK Heidelberg
74%
Baden-Württemberg38Heidelberg / Schwetzingen
74%
Baden-Württemberg51Baden-Baden
69%
Hessen30Bensheim
69%
Baden-Württemberg49Rastatt-Nord
64%
Baden-Württemberg50Rastatt-Süd
64%
Hessen24Langen / Mörfelden
62%
Baden-Württemberg55Offenburg
62%
Baden-Württemberg39Walldorf / Wiesloch
62%
Baden-Württemberg68AD Weil am Rhein
59%
Baden-Württemberg40AK Walldorf
59%
Hessen17Bad Homburger Kreuz
59%
Hessen31Heppenheim
59%
Baden-Württemberg69Weil am Rhein / Hüningen
59%
Baden-Württemberg42Bruchsal
54%
Baden-Württemberg57bRust
54%
Baden-Württemberg33AK Weinheim
51%
Baden-Württemberg67Efringen-Kirchen
49%
Hessen1Hattenbacher Dreieck
49%
Hessen2Alsfeld-Ost
46%
Hessen3Alsfeld-West
46%
Hessen16Friedberg
46%
Hessen11Gambacher Kreuz
46%
Baden-Württemberg56Lahr
46%
Baden-Württemberg65Müllheim / Neuenburg
44%
Baden-Württemberg66AD Neuenburg
41%
Hessen12Butzbach
41%
Baden-Württemberg53Achern
38%
Baden-Württemberg52Bühl
38%
Hessen6Homberg (Ohm)
38%
Hessen9Reiskirchen
38%
Hessen8Reiskirchener Dreieck
38%
Hessen25Weiterstadt
38%
Hessen29Zwingenberg
38%
Hessen13Bad Nauheim
36%
Baden-Württemberg47Ettlingen
36%
Hessen23Zeppelinheim
36%
Hessen28Seeheim-Jugenheim
33%
Baden-Württemberg54Appenweier
31%
Baden-Württemberg64aBad Krozingen
31%
Hessen7Grünberg
31%
Baden-Württemberg32Hemsbach
31%
Baden-Württemberg36Dossenheim
28%
Hessen14Ober-Mörlen
28%
Baden-Württemberg59Riegel
28%
Baden-Württemberg57aEttenheim
26%
Hessen10Fernwald
26%
Baden-Württemberg34Hirschberg
26%
Baden-Württemberg35Ladenburg
26%
Baden-Württemberg60Teningen
26%
Baden-Württemberg41Kronau
23%
Baden-Württemberg64bHartheim / Heitersheim
21%
Baden-Württemberg58Herbolzheim
18%

Verteilung der Resultate

Perzentil nach korrekt beantworteten Fragen

Anzahl Personen mit jedem Resultat

Ihre Resultats-Entwicklung

Sie haben dieses Quiz noch nicht gespielt